000 00633nam a22001695i 4500
001 171653
003 ES-MaACL
005 20230906214705.0
008 090525s1961 sp |||| | spa d
080 _a946"1936/39"(047)
100 1 _aSolé Caralt, Joan.
_9140314
245 1 0 _aDiálogos con un aldeano
_b: (luchas íntimas de la generación del 1936) ; Bisbal del Panadés /
_cJoan Solé Caralt.
260 _a[S.l. :
_bs.n.,
_c1961] (
_eTarragona :
_fImp. Sugrañes)
300 _a586 p. ;
_c25 cm.
651 4 _aEspaña-
_xHistoria-
_y1936-1939, Guerra civil-
_vRelatos personales.
_98326
852 _aES-MaACL
_jC-20773
_9R.48466
999 _c171653
_d171653